Statistiques concernant Test de Rapidité - Lettre "A"

Cliquez ici pour prendre le quiz!

Statistiques générales

  • Ce quiz a été pris 1 149 fois
  • Le résultat moyen est 88 sur 100

Statistiques - réponses

Lettre "A"% Correct
A
100%
A
100%
A
99%
A
99%
A
98%
A
98%
A
97%
A
97%
A
96%
A
96%
A
96%
A
96%
A
96%
A
95%
A
95%
A
95%
A
95%
A
95%
A
94%
A
94%
A
94%
A
94%
A
94%
A
94%
A
94%
A
94%
A
94%
A
94%
A
94%
A
94%
A
94%
A
93%
A
93%
A
93%
A
93%
A
93%
A
93%
A
93%
A
93%
A
93%
A
93%
A
93%
A
93%
A
93%
A
93%
A
92%
A
92%
A
92%
A
92%
A
92%
A
92%
A
92%
A
92%
A
92%
A
92%
A
91%
A
91%
A
91%
A
91%
A
91%
A
90%
A
89%
A
89%
A
89%
A
88%
A
88%
A
88%
A
88%
A
88%
A
88%
A
87%
A
87%
A
86%
A
86%
A
86%
A
85%
A
85%
A
84%
A
84%
A
84%
A
83%
A
83%
A
81%
A
81%
A
80%
A
79%
A
77%
A
76%
A
75%
A
74%
A
72%
A
72%
A
71%
A
70%
A
69%
A
66%
A
65%
A
63%
A
62%
A
61%

Distribution des résultats

Percentile par nombre de réponses

% des personnes avec chaque résultat

Votre développement - résultats

Vous n’avez pas pris ce quiz